LEADER 02167nam 2200601 a 450 001 9910148608303321 005 20170816144227.0 010 $a1-322-42249-4 010 $a0-8039-4402-0 010 $a1-4522-5476-1 035 $a(CKB)2560000000102003 035 $a(EBL)1195925 035 $a(OCoLC)849724279 035 $a(SSID)ssj0000697304 035 $a(PQKBManifestationID)11441570 035 $a(PQKBTitleCode)TC0000697304 035 $a(PQKBWorkID)10691983 035 $a(PQKB)10578546 035 $a(MiAaPQ)EBC1195925 035 $a(OCoLC)957615267 035 $a(StDuBDS)EDZ0000062240 035 $a(EXLCZ)992560000000102003 100 $a20120312d1994 fy| 0 101 0 $aeng 135 $aur|n|---||||| 181 $ctxt 182 $cc 183 $acr 200 10$aAdult personality development$b[electronic resource] $etheories and concepts /$fLawrence S. Wrightsman 210 $aThousand Oaks, Calif. ;$aLondon $cSAGE$dc1994 215 $a1 online resource (256 p.) 225 0 $aAdult personality development ;$vv. 2 300 $aDescription based upon print version of record. 311 $a1-4522-4319-0 311 $a0-8039-4401-2 320 $aIncludes bibliographical references and indexes. 327 $av. 1. Theories and concepts -- v. 2. Applications. 330 8 $aThese companion volumes reflect an expansion of the coverage of Wrightsman's earlier book 'Personality Development in Adulthood'. They encourage readers to look at the evolving nature of their own lives, and include case studies throughout to illustrate concepts in a thought-provoking, non-technical manner. 606 $aPersonality 606 $aAdulthood$xPsychological aspects 606 $aAging$xPsychological aspects 608 $aElectronic books. 615 0$aPersonality. 615 0$aAdulthood$xPsychological aspects. 615 0$aAging$xPsychological aspects. 676 $a155.6 700 $aWrightsman$b Lawrence S$0148894 801 0$bStDuBDS 801 1$bStDuBDS 906 $aBOOK 912 $a9910148608303321 996 $aAdult personality development$92464811 997 $aUNINA LEADER 01426nam 2200373Ia 450 001 996396901903316 005 20200824132151.0 035 $a(CKB)4940000000063972 035 $a(EEBO)2264214190 035 $a(OCoLC)ocm9291804e 035 $a(OCoLC)9291804 035 $a(EXLCZ)994940000000063972 100 $a19830308d1689 uy | 101 0 $aeng 135 $aurbn||||a|bb| 200 12$aA sermon preach'd before the convocation of the Bishops and clergy of the province of Canterbury at Westminster, Novemb. the 18th, 1689$b[electronic resource] /$fby William Beveridge ; printed in Latin by the Bishops command ; made English by J.G 210 $aLondon $cPrinted for N.R. and J. Bullord$d1689 215 $a30 p 300 $aHalf title: Dr. Beveridge's sermon before the convocation english'd. 300 $aReproduction of original in the British Library. 330 $aeebo-0018 606 $aSermons, English$y17th century 615 0$aSermons, English 700 $aBeveridge$b William$f1637-1708.$0796145 701 $aJ. G$cmember of the Church of England.$01013276 801 0$bUMI 801 1$bUMI 801 2$bm/c 801 2$bUMI 801 2$bWaOLN 906 $aBOOK 912 $a996396901903316 996 $aA sermon preach'd before the convocation of the Bishops and clergy of the province of Canterbury at Westminster, Novemb. the 18th, 1689$92355830 997 $aUNISA